Mi primer cuento : (Registro nro. 15081)
[ vista simple ]
| 000 -LIDER | |
|---|---|
| fixed length control field | 00853nam a22002537a 4500 |
| 003 - IDENTIFICACDOR DE NÚMERO DE CONTROL | |
| control field | DO-SdBPM |
| 005 - DATE AND TIME OF LATEST TRANSACTION | |
| control field | 20250522115434.0 |
| 008 - ELEMENTOS DE LONGITUD FIJA | |
| fixed length control field | 161205b2010 sp a 00| 0 spa d |
| 020 ## - ISBN | |
| International Standard Book Number | 9786034026537 |
| 040 ## - FUENTE DE CATALOGACIÓN | |
| Agencia que crea de manera original el registro | DO-SdBPM |
| Idioma de catalogación | spa |
| Agencia que realiza la transcripción | BPMSU |
| 082 #4 - NÚMERO DE CLASIFICACIÓN DECIMAL DE DEWEY | |
| Classification number | 808.83 |
| Item number | M618a 2010 |
| Edition number | 22 |
| 245 10 - MENCIÓN DE TITULO | |
| Título | Mi primer cuento : |
| Subtítulo | Alí babá y los 40 ladrones / |
| Mención de responsabilidad | adaptación Miguel Ángel Carhuatocto |
| 260 ## - PUBLICACIÓN, DISTRIBUCIÓN, ETC. (PIE DE IMPRENTA) | |
| Lugar de publicación, distribución, etc | Lima, Perú : |
| Nombre del editor, distribuidor, etc. | Editorial Didáctica, |
| Fecha de publicación, distribución, etc | 2010 |
| 300 ## - DESCRIPCIÓN FÍSICA | |
| Extensión | [14] p. : |
| Otros detalles físicos | il.,; |
| Dimensiones | 29 cm. |
| 490 0# - MENCIÓN DE SERIES | |
| Mención de serie | Mi primer cuento |
| Volume/sequential designation | |
| 500 ## - NOTA GENERAL | |
| Materiales especificados | Promoviendo los valores para la niñez |
| 590 ## - NOTA LOCAL | |
| Texto de la nota local | Inventariado, 2025/VM |
| 650 #4 - ENCABEZAMIENTO DE MATERIA--TEMÁTICO | |
| Término temático o nombre geográfico como elemento de entrada | Cuentos infantiles |
| 650 #4 - ENCABEZAMIENTO DE MATERIA--TEMÁTICO | |
| Término temático o nombre geográfico como elemento de entrada | Comprensión de lectura. |
| 650 #4 - ENCABEZAMIENTO DE MATERIA--TEMÁTICO | |
| Término temático o nombre geográfico como elemento de entrada | Libros ilustrados para niños |
| 700 1# - ASIENTO SECUNDARIO -- NOMBRE PERSONAL | |
| Nombre personal | Carhuatocto, Miguel Ángel |
| Mención de responsabilidad | adaptación |
| 910 ## - VALIDACIÓN | |
| Validación | VMateo V. Control de calidad. BPMSU |
| 942 ## - ADDED ENTRY ELEMENTS (KOHA) | |
| Source of classification or shelving scheme | Dewey Decimal Classification |
| Koha item type | Libros |
| Withdrawn status | Lost status | Source of classification or shelving scheme | Damaged status | Not for loan | Collection code | Home library | Current library | Date acquired | Total Checkouts | Full call number | Barcode | Date last seen | Price effective from | Koha item type |
|---|---|---|---|---|---|---|---|---|---|---|---|---|---|---|
| Dewey Decimal Classification | Colección Infantil General | Biblioteca Pública Metropolitana Salomé Ureña | Biblioteca Pública Metropolitana Salomé Ureña | 05/22/2025 | BPMSU CGI 808.83 M618a 2010 | BPMSU25050062 | 05/22/2025 | 05/22/2025 | Libros |